<?xml version="1.0" encoding="UTF-8"?>
<record
    xmlns:xsi="http://www.w3.org/2001/XMLSchema-instance"
    xsi:schemaLocation="http://www.loc.gov/MARC21/slim http://www.loc.gov/standards/marcxml/schema/MARC21slim.xsd"
    xmlns="http://www.loc.gov/MARC21/slim">

  <leader>00414nam a22001217a 4500</leader>
  <datafield tag="040" ind1=" " ind2=" ">
    <subfield code="c">RUA</subfield>
  </datafield>
  <datafield tag="082" ind1=" " ind2=" ">
    <subfield code="a">AGR HAY 2009 B039 Or.1</subfield>
  </datafield>
  <datafield tag="100" ind1=" " ind2=" ">
    <subfield code="a">HAY CHANTHY</subfield>
  </datafield>
  <datafield tag="245" ind1=" " ind2=" ">
    <subfield code="a">effectiveness of benzylaminopurine on the growth of protocorm of dendrobium crumenatum sw ,in vitrro</subfield>
  </datafield>
  <datafield tag="300" ind1=" " ind2=" ">
    <subfield code="a">xiii, 41p.</subfield>
    <subfield code="b">ill.</subfield>
    <subfield code="c">29cm.</subfield>
  </datafield>
  <datafield tag="856" ind1=" " ind2=" ">
    <subfield code="u">https://drive.google.com/file/d/1o1FeL7Poc7F62MXspj5hQSSueWm2Qa-c/view?usp=sharing</subfield>
  </datafield>
  <datafield tag="942" ind1=" " ind2=" ">
    <subfield code="c">AGR</subfield>
  </datafield>
  <datafield tag="999" ind1=" " ind2=" ">
    <subfield code="c">869</subfield>
    <subfield code="d">869</subfield>
  </datafield>
  <datafield tag="952" ind1=" " ind2=" ">
    <subfield code="0">0</subfield>
    <subfield code="1">0</subfield>
    <subfield code="2">ddc</subfield>
    <subfield code="4">0</subfield>
    <subfield code="6">AGR_HAY_2009_000000000000000_B039_OR_1</subfield>
    <subfield code="7">0</subfield>
    <subfield code="9">3459</subfield>
    <subfield code="a">LBB</subfield>
    <subfield code="b">LBB</subfield>
    <subfield code="c">B039</subfield>
    <subfield code="d">2015-09-20</subfield>
    <subfield code="o">AGR HAY 2009 B039 Or.1</subfield>
    <subfield code="p">RUA000049</subfield>
    <subfield code="r">2015-09-20</subfield>
    <subfield code="w">2015-09-20</subfield>
    <subfield code="y">AGR</subfield>
  </datafield>
  <datafield tag="952" ind1=" " ind2=" ">
    <subfield code="0">0</subfield>
    <subfield code="1">0</subfield>
    <subfield code="2">ddc</subfield>
    <subfield code="4">0</subfield>
    <subfield code="6">AGR_HAY_2009_000000000000000_B039_OR_2</subfield>
    <subfield code="7">0</subfield>
    <subfield code="9">3460</subfield>
    <subfield code="a">LBB</subfield>
    <subfield code="b">LBB</subfield>
    <subfield code="c">B039</subfield>
    <subfield code="d">2015-09-20</subfield>
    <subfield code="o">AGR HAY 2009 B039 Or.2</subfield>
    <subfield code="p">RUA000188</subfield>
    <subfield code="r">2015-09-20</subfield>
    <subfield code="w">2015-09-20</subfield>
    <subfield code="y">AGR</subfield>
  </datafield>
  <datafield tag="952" ind1=" " ind2=" ">
    <subfield code="0">0</subfield>
    <subfield code="1">0</subfield>
    <subfield code="2">ddc</subfield>
    <subfield code="4">0</subfield>
    <subfield code="6">AGR_HAY_2009_000000000000000_B039_OR_3</subfield>
    <subfield code="7">0</subfield>
    <subfield code="9">3461</subfield>
    <subfield code="a">LBB</subfield>
    <subfield code="b">LBB</subfield>
    <subfield code="c">B039</subfield>
    <subfield code="d">2015-09-20</subfield>
    <subfield code="o">AGR HAY 2009 B039 Or.3</subfield>
    <subfield code="p">RUA000175</subfield>
    <subfield code="r">2015-09-20</subfield>
    <subfield code="w">2015-09-20</subfield>
    <subfield code="y">AGR</subfield>
  </datafield>
  <datafield tag="952" ind1=" " ind2=" ">
    <subfield code="0">0</subfield>
    <subfield code="1">0</subfield>
    <subfield code="2">ddc</subfield>
    <subfield code="4">0</subfield>
    <subfield code="6">AGR_HAY_2009_000000000000000_B039_OR_4</subfield>
    <subfield code="7">0</subfield>
    <subfield code="9">3462</subfield>
    <subfield code="a">LBB</subfield>
    <subfield code="b">LBB</subfield>
    <subfield code="c">B039</subfield>
    <subfield code="d">2015-09-20</subfield>
    <subfield code="l">1</subfield>
    <subfield code="o">AGR HAY 2009 B039 Or.4</subfield>
    <subfield code="p">RUA000193</subfield>
    <subfield code="r">2022-09-21</subfield>
    <subfield code="s">2022-09-05</subfield>
    <subfield code="w">2015-09-20</subfield>
    <subfield code="y">AGR</subfield>
  </datafield>
  <datafield tag="952" ind1=" " ind2=" ">
    <subfield code="0">0</subfield>
    <subfield code="1">0</subfield>
    <subfield code="2">ddc</subfield>
    <subfield code="4">0</subfield>
    <subfield code="6">AGR_HAY_2009_000000000000000_B039_OR_5</subfield>
    <subfield code="7">0</subfield>
    <subfield code="9">3463</subfield>
    <subfield code="a">LBB</subfield>
    <subfield code="b">LBB</subfield>
    <subfield code="c">B039</subfield>
    <subfield code="d">2015-09-20</subfield>
    <subfield code="o">AGR HAY 2009 B039 Or.5</subfield>
    <subfield code="p">RUA000162</subfield>
    <subfield code="r">2015-09-20</subfield>
    <subfield code="w">2015-09-20</subfield>
    <subfield code="y">AGR</subfield>
  </datafield>
  <datafield tag="952" ind1=" " ind2=" ">
    <subfield code="0">0</subfield>
    <subfield code="1">0</subfield>
    <subfield code="2">ddc</subfield>
    <subfield code="4">0</subfield>
    <subfield code="6">AGR_HAY_2009_000000000000000_B039_OR_6</subfield>
    <subfield code="7">0</subfield>
    <subfield code="9">3464</subfield>
    <subfield code="a">LBB</subfield>
    <subfield code="b">LBB</subfield>
    <subfield code="c">B039</subfield>
    <subfield code="d">2015-09-20</subfield>
    <subfield code="o">AGR HAY 2009 B039 Or.6</subfield>
    <subfield code="p">RUA000085</subfield>
    <subfield code="r">2015-09-20</subfield>
    <subfield code="w">2015-09-20</subfield>
    <subfield code="y">AGR</subfield>
  </datafield>
  <datafield tag="952" ind1=" " ind2=" ">
    <subfield code="0">0</subfield>
    <subfield code="1">0</subfield>
    <subfield code="2">ddc</subfield>
    <subfield code="4">0</subfield>
    <subfield code="6">AGR_HAY_2009_000000000000000_B039_OR_7</subfield>
    <subfield code="7">0</subfield>
    <subfield code="9">3465</subfield>
    <subfield code="a">LBB</subfield>
    <subfield code="b">LBB</subfield>
    <subfield code="c">B039</subfield>
    <subfield code="d">2015-09-20</subfield>
    <subfield code="o">AGR HAY 2009 B039 Or.7</subfield>
    <subfield code="p">RUA000044</subfield>
    <subfield code="r">2015-09-20</subfield>
    <subfield code="w">2015-09-20</subfield>
    <subfield code="y">AGR</subfield>
  </datafield>
  <datafield tag="952" ind1=" " ind2=" ">
    <subfield code="0">0</subfield>
    <subfield code="1">0</subfield>
    <subfield code="2">ddc</subfield>
    <subfield code="4">0</subfield>
    <subfield code="6">AGR_HAY_2009_000000000000000_B039_OR_8</subfield>
    <subfield code="7">0</subfield>
    <subfield code="9">4970</subfield>
    <subfield code="a">LBB</subfield>
    <subfield code="b">LBB</subfield>
    <subfield code="c">B039</subfield>
    <subfield code="d">2015-09-24</subfield>
    <subfield code="o">AGR HAY 2009 B039 Or.8</subfield>
    <subfield code="p">RUA000537</subfield>
    <subfield code="r">2015-09-24</subfield>
    <subfield code="w">2015-09-24</subfield>
    <subfield code="y">AGR</subfield>
  </datafield>
  <datafield tag="952" ind1=" " ind2=" ">
    <subfield code="0">0</subfield>
    <subfield code="1">0</subfield>
    <subfield code="2">ddc</subfield>
    <subfield code="4">0</subfield>
    <subfield code="6">AGR_HAY_2009_000000000000000_B1_218_OR_1</subfield>
    <subfield code="7">0</subfield>
    <subfield code="9">78226</subfield>
    <subfield code="a">LBB</subfield>
    <subfield code="b">LBB</subfield>
    <subfield code="c">B1.218</subfield>
    <subfield code="d">2019-02-11</subfield>
    <subfield code="o">AGR HAY 2009 B1.218 Or.1</subfield>
    <subfield code="p">A36585</subfield>
    <subfield code="r">2019-02-11</subfield>
    <subfield code="w">2019-02-11</subfield>
    <subfield code="y">AGR</subfield>
  </datafield>
</record>
